• 首页
  • 本馆介绍
  • 公告通知
  • 最新文献
  • 馆藏检索
  • 电子资源
  • 读者导购
  • 参考咨询
  • 我的图书馆
  • 登录
  • 详细信息显示
  • 放入我的书架
  • 预约/预借图书
  • 作者相关作品
  • 分类相关作品
  • 丛书相关作品
  • 出版社相关作品

书目信息

  • 表格格式
  • 工作单格式
  • 卡片格式
题名:
日本近代文学赏析
    
 
作者: 王之英 主编 ;王小岐 副主编
分册:  
出版信息: 天津   南开大学出版社  2003
页数: 299页
开本: 21cm
丛书名:
单 册:
中图分类: I313.064
科图分类:
主题词: 近代文学--文学欣赏--日本
电子资源:
ISBN: 7-310-01862-1
000 00832nam0 2200241 45
001 060000017698
005 20050912100757.43
010    @a7-310-01862-1@dCNY15.00
100    @a20041231d2003 ekmy0chiy0120 ea
101 0  @achi@ajpn
102    @aCN@b120000
105    @ay z 000yy
200 1  @a日本近代文学赏析@Ari ben jin dai wen xue shang xi@f王之英主编@Fwang zhi ying zhu bian@g王小岐副主编
210    @a天津@c南开大学出版社@d2003
215    @a299页@d21cm
330    @a本书大多选取上世纪初日本文学作品的代表佳作,对作家和作品进行分门别类的介绍,并将作家在近代文学史的地位与特征进行诠释。
606 0  @a近代文学@x文学欣赏@y日本
690    @aI313.064@v4
701  0 @a王之英@Awang zhi ying@4主编
702  0 @a王小岐@Awang xiao qi@4副主编
801  0 @aCN@bTSSF@c20050912
905    @a10447@dI313.064@e190
999    @aAFJ@eDF
    
    日本近代文学赏析/王之英主编/王小岐副主编.-天津:南开大学出版社,2003
    299页;21cm
    
    
    ISBN 7-310-01862-1:CNY15.00
    本书大多选取上世纪初日本文学作品的代表佳作,对作家和作品进行分门别类的介绍,并将作家在近代文学史的地位与特征进行诠释。
●
相关链接 在E读中查询图书 在五车中查询图书 在当当中查询图书 在豆瓣中查询图书


正题名:日本近代文学赏析     索取号:I313.064/190         预约/预借

序号 登录号 条形码 馆藏地/架位号 状态 备注
1 0360609   3606093   第一样本阅览室/ [索取号:I313.064/190] 在馆    
2 0360610   3606100   第二借阅区/ [索取号:I313.064/190] 在馆    
3 0360611   3606119   第二借阅区/ [索取号:I313.064/190] 在馆    
4 0360612   3606128   第二借阅区/ [索取号:I313.064/190] 在馆    
5 0360613   3606137   第二借阅区/ [索取号:I313.064/190] 在馆    
唐山师范学院图书馆 欢迎您!
大连网信软件有限公司© 版权所有